000 00358nam a22001217a 4500
020 _a8125918647
082 _222
_a620.1
100 _aRajasekaran, S and Sankarasubramanian G.
245 _aEngineering mechanics statics and dynamics /
260 _aNew Delhi,
_bVikas Publishing,
_cc2006.
300 _axxviii, ind-3 p. ;
_bill. ;
_c23 cm.
942 _2ddc
_cMEC
_08
999 _c195
_d195